Advertising: planning, implementation, and control
I tiakina i:
| Kaituhi matua: | |
|---|---|
| Hōputu: | Pukapuka |
| Reo: | Ingarihi |
| I whakaputaina: |
Cincinnati
South-Western
1986
|
| Ngā marau: | |
| Ngā Tūtohu: |
Tāpirihia he Tūtohu
Kāore He Tūtohu, Me noho koe te mea tuatahi ki te tūtohu i tēnei pūkete!
|
MARC
| LEADER | 00000nam a2200000 a 4500 | ||
|---|---|---|---|
| 001 | UCQ1828 | ||
| 003 | CL-VaPUC | ||
| 008 | 980721e19860000US |||||||||||||||||eng|d | ||
| 082 | 0 | 4 | |a 659.1 |b NYL |2 21 |
| 100 | |a Nylen, David W. |e author |9 415700 | ||
| 245 | 1 | 0 | |a Advertising: planning, implementation, and control |
| 300 | |a 700 p | ||
| 942 | |c BK | ||
| 945 | |d 19980721 00:00:00 |a cmena | ||
| 260 | |a Cincinnati |b South-Western |c 1986 | ||
| 650 | 0 | |a Publicidad |9 314572 | |
| 650 | 0 | |a Empresas |9 255569 | |
| 650 | 0 | |a Marketing |9 259324 | |
| 650 | 7 | |a PRODUCTOS |2 CL-VaPUC |9 338640 | |
| 650 | 0 | |a Consumidores |9 315658 | |
| 650 | 0 | |a Investigación de mercado |9 332310 | |
| 650 | 7 | |a PLANIFICACION Y CONTROL |2 CL-VaPUC |9 415701 | |
| 650 | 7 | |a ESTRATEGIAS |2 CL-VaPUC |9 342878 | |
| 583 | |a last modification |c 19980721 00:00:00 |k Rodrigo Vera | ||
| 999 | |c 272672 |d 272670 | ||
| 952 | |0 0 |1 0 |4 0 |6 659_100000000000000_NYL_1986 |7 0 |8 A |9 307791 |a BIBGIM |b BIBGIM |d 2019-11-20 |i 1441507 |o 659.1 NYL 1986 |p 1441507 |r 2025-01-15 |w 2019-11-20 |y BK |k COM | ||